000 003270000a22001570004500
001 004675
003 MACL
040 _aMACL
090 _c16668
_d16667
100 _aPuri, Manohar
245 _aArt Of Reporting
_cManohar Puri
260 _aPragun Publication,
_c2006
350 _a925
650 _aMedia
942 _k70
_cBook
999 _c16562
_d16562